[Event "St Chely d'Aubrac op 7th"]
[Site "St Chely d'Aubrac"]
[Date "2007.07.16"]
[Round "3"]
[White "Wavresky, Andre"]
[Black "Jaafar, Nasser"]
[Result "1/2-1/2"]
[WhiteElo "1590"]
[BlackElo "1460"]
[PlyCount "55"]
[EventDate "2007.07.07"]
[EventType "swiss"]
[EventRounds "9"]
[EventCountry "FIN"]
[SourceTitle "EXT 2008"]
[Source "ChessBase"]
[SourceDate "2007.11.25"]
[SourceVersion "1"]
[SourceVersionDate "2007.11.25"]
[SourceQuality "1"]

1. e4 e5 2. Nf3 Nc6 3. Bb5 Nge7 4. 0-0 g6 5. c3 Bg7 6. Na3 0-0 7. Nc2 d6 8. h3 h6 9. d4 a6 10. Ba4 Bd7 11. Be3 Kh7 12. Nce1 f5 13. Bc2 Ng8 14. d5 Nb8 15. Bd3 c6 16. c4 Nf6 17. Qc2 f4 18. Bd2 Rf7 19. Nh2 b5 20. Nef3 bxc4 21. Bxc4 c5 22. Rfe1 Bb5 23. Qd3 Bxc4 24. Qxc4 Qb6 25. Bc3 Qb5 26. Nd2 Nbd7 27. a4 Qb7 28. a5 1/2-1/2

[Event "St Chely d'Aubrac op 5th"]
[Site "St Chely d'Aubrac"]
[Date "2005.07.15"]
[Round "8"]
[White "Trzesniower, Jacques"]
[Black "Wavresky, Andre"]
[Result "0-1"]
[WhiteElo "1430"]
[BlackElo "1570"]
[PlyCount "112"]
[EventDate "2005.07.09"]
[EventType "swiss"]
[EventRounds "9"]
[EventCountry "FRA"]
[SourceTitle "CBM 107 Extra"]
[Source "ChessBase"]
[SourceDate "2005.09.01"]
[SourceVersion "1"]
[SourceVersionDate "2005.09.01"]
[SourceQuality "1"]

1. Nf3 Nf6 2. g3 b6 3. Bg2 Bb7 4. 0-0 g6 5. d3 d5 6. Nbd2 Bg7 7. Re1 0-0 8. c3 Re8 9. Qc2 Nc6 10. e4 dxe4 11. dxe4 Ng4 12. Nc4 Nge5 13. Qe2 Qd3 14. Ncxe5 Qxe2 15. Rxe2 Nxe5 16. Bf4 Nxf3+ 17. Bxf3 e5 18. Be3 Rad8 19. Bg2 Rd6 20. f3 Red8 21. Kf1 Ba6 22. Ke1 Bxe2 23. Kxe2 Kf8 24. a4 a5 25. Bf1 Ke7 26. Ke1 h5 27. h4 Rh8 28. Rd1 Bh6 29. f4 f6 30. Rxd6 Kxd6 31. Kd2 exf4 32. gxf4 Bg7 33. Bd3 g5 34. fxg5 fxg5 35. Bxg5 Bh6 36. Bxh6 Rxh6 37. Ke3 Ke5 38. Be2 Rh8 39. Bc4 Rf8 40. Be2 Rf4 41. Bxh5 Rxe4+ 42. Kd3 Rxh4 43. Be8 Kd5 44. Bf7+ Kc5 45. b3 Rf4 46. Bh5 c6 47. Ke3 Rh4 48. Bf7 b5 49. axb5 cxb5 50. Kd3 a4 51. bxa4 bxa4 52. Kc2 Rh2+ 53. Kb1 Rf2 54. Be6 a3 55. Bg8 Rb2+ 56. Kc1 Rg2 0-1

[Event "St Chely d'Aubrac op 5th"]
[Site "St Chely d'Aubrac"]
[Date "2005.07.14"]
[Round "7"]
[White "Wavresky, Andre"]
[Black "Karsenti, Madeleine"]
[Result "1/2-1/2"]
[WhiteElo "1570"]
[BlackElo "1380"]
[PlyCount "60"]
[EventDate "2005.07.09"]
[EventType "swiss"]
[EventRounds "9"]
[EventCountry "FRA"]
[SourceTitle "CBM 107 Extra"]
[Source "ChessBase"]
[SourceDate "2005.09.01"]
[SourceVersion "1"]
[SourceVersionDate "2005.09.01"]
[SourceQuality "1"]

1. e4 e5 2. Nf3 d6 3. d4 exd4 4. Qxd4 Nf6 5. Nc3 Be7 6. h3 0-0 7. Bc4 Nc6 8. Qd3 Bd7 9. a3 Ne5 10. Nxe5 dxe5 11. Bg5 c6 12. 0-0-0 Qc8 13. Bxf6 Bxf6 14. Qxd7 Bg5+ 15. Kb1 b5 16. Qxc8 Raxc8 17. Ba2 Rb8 18. Rd7 b4 19. axb4 Rxb4 20. Rxa7 Bd2 21. Na4 Rxe4 22. Nc5 Re2 23. Nd3 e4 24. Ne5 Rxf2 25. Nxc6 e3 26. Rd7 Re2 27. Bc4 Rxg2 28. Ne5 Rf2 29. Nd3 Rg2 30. Ne1 Rf2 1/2-1/2

[Event "St Chely d'Aubrac op 4th"]
[Site "St Chely d'Aubrac"]
[Date "2004.07.19"]
[Round "2"]
[White "Wavresky, Andre"]
[Black "Guidez, Thomas"]
[Result "0-1"]
[WhiteElo "1640"]
[BlackElo "1892"]
[PlyCount "92"]
[EventDate "2004.07.17"]
[EventType "swiss"]
[EventRounds "9"]
[EventCountry "FRA"]
[SourceTitle "CBM 101 Extra"]
[Source "ChessBase"]
[SourceDate "2004.09.01"]
[SourceVersion "2"]
[SourceVersionDate "2004.09.01"]
[SourceQuality "1"]

1. e4 e6 2. Qe2 c5 3. Nf3 Nf6 4. g3 Nc6 5. Bg2 d5 6. d3 Be7 7. 0-0 0-0 8. Nbd2 Rb8 9. c3 b6 10. e5 Nd7 11. d4 cxd4 12. cxd4 Nb4 13. Qd1 Ba6 14. Re1 Rc8 15. Bf1 Bxf1 16. Rxf1 Nc2 17. Rb1 b5 18. Nb3 a5 19. Bd2 a4 20. Ba5 Qe8 21. Nc1 Nb4 22. a3 Nc6 23. Bd2 Qd8 24. Ne2 Qb6 25. Be3 Na5 26. Nd2 Qa6 27. Nc3 Nb6 28. Rc1 Nbc4 29. Nxc4 Nxc4 30. Qe2 Rc6 31. Na2 Rfc8 32. Nc3 Nxa3 33. bxa3 Rxc3 34. Rxc3 Rxc3 35. Rb1 Rb3 36. Rxb3 axb3 37. Bc1 Qa4 38. Qb2 h6 39. Kg2 b4 40. axb4 Bxb4 41. Kg1 Ba3 42. Qb1 Bxc1 43. Qxc1 Qa2 44. Qc8+ Kh7 45. Qc1 Qc2 46. Qe1 b2 0-1